| 000 | 00494nam a2200193Ia 4500 | ||
|---|---|---|---|
| 008 | 220216s9999 xx 000 0 und d | ||
| 100 | _aAnnamalainathan K | ||
| 245 | 0 | _aEcosystem flux measurements in rubber plantations | |
| 260 |
_bNatural Rubber Research _c2011 |
||
| 300 | _a28-37 | ||
| 650 | _aAtmospheric flux | ||
| 650 | _aBiomass | ||
| 650 | _aCarbon sequestration | ||
| 650 | _aEddy covariance | ||
| 650 | _aNEE | ||
| 700 | _aJacob J | ||
| 700 | _aSatheesh P R | ||
| 942 | _cJS | ||
| 999 |
_c57649 _d57649 |
||